[Event "Penang op 7th"]
[Site "Penang"]
[Date "2015.12.08"]
[Round "2"]
[White "Praveen Kumar, Chandrasekar"]
[Black "Nitin, Shankar Madhu"]
[Result "1/2-1/2"]
[WhiteElo "2236"]
[BlackElo "2424"]
[PlyCount "27"]
[EventDate "2015.12.07"]
[EventType "swiss"]
[EventRounds "9"]
[EventCountry "MAS"]
[SourceTitle "CBM 169 Extra"]
[Source "ChessBase"]
[SourceDate "2015.12.18"]
[SourceVersion "1"]
[SourceVersionDate "2015.12.18"]
[SourceQuality "1"]

1. d4 Nf6 2. c4 g6 3. Nc3 Bg7 4. e4 d6 5. Nf3 0-0 6. Be2 Nbd7 7. 0-0 e5 8. Re1 exd4 9. Nxd4 Re8 10. Bf1 c6 11. Rb1 Ne5 12. f3 a5 13. Be3 Nfd7 14. Qd2 1/2-1/2

[Event "Penang op 7th"]
[Site "Penang"]
[Date "2015.12.07"]
[Round "1"]
[White "Nitin, Shankar Madhu"]
[Black "Alahakoon, Isuru"]
[Result "1-0"]
[WhiteElo "2424"]
[BlackElo "2019"]
[PlyCount "58"]
[EventDate "2015.12.07"]
[EventType "swiss"]
[EventRounds "9"]
[EventCountry "MAS"]
[SourceTitle "CBM 169 Extra"]
[Source "ChessBase"]
[SourceDate "2015.12.18"]
[SourceVersion "1"]
[SourceVersionDate "2015.12.18"]
[SourceQuality "1"]

1. e4 c5 2. b3 e6 3. Bb2 d5 4. exd5 exd5 5. Nf3 Nf6 6. d4 Be7 7. Be2 0-0 8. 0-0 Nc6 9. a3 Re8 10. dxc5 Bxc5 11. b4 Bb6 12. Nbd2 Qe7 13. Bd3 Bg4 14. c4 Ne4 15. c5 Bc7 16. Re1 Ne5 17. Bxe5 Bxe5 18. Bxe4 dxe4 19. Rxe4 Qf6 20. Qe1 Bxf3 21. Nxf3 Bxh2+ 22. Kxh2 Rxe4 23. Qxe4 Qxa1 24. Qxb7 Re8 25. Qxa7 Qf6 26. Qd7 Qf4+ 27. g3 Qh6+ 28. Kg2 Kf8 29. c6 Re7 1-0